LEADER 01297nam a2200313 a 4500 001 000000127971 003 CaOOAMICUS 005 20120313113943.0 008 120313s2012 it d u000 u ita r 020 $a978-88-598-0715-5 040 $aPUL$bita 082 04$a346.4501 245 13$aLa mediazione familiare /$cdiretto da Alessandra Cagnazzo ; con contributi di Elena Allegri ... [et al.]. 260 $aTorino :$bUTET Giuridica,$c2012. 300 $aXXVI, 754 p. :$bgraf. ;$c25 cm. 490 1 $aTrattati brevi 504 $aBibliografia in nota. 650 4$aMediazione (Diritto).$0(OLS)http://pul/subject/18433 700 1 $aCagnazzo, Alessandra.$0(OLS)http://pul/name/81719 700 1 $aAllegri, Elena.$0(OLS)http://pul/name/81720 830 0$aTrattati brevi.$0(OLS)http://pul/title/152680 850 $aPUL 852 $aPUL$W1$xSL Diritto e Scienze Sociali 3$y79$m346. 4501 CAGAL 1$j148131$qDDC 21$B146723$CPULBib$Z2$F146723 $H119191 $82 941 1 $a9 996 $6020$a978-88-598-0715-5$9(OLS)http://pul/number/149172 996 $6082$a346.4501$9(OLS)http://pul/classification/451 996 $6245$aLa mediazione familiare$9(OLS)http://pul/title/161717 996 $6260$aTorino :$bUTET Giuridica$9(OLS)http://pul/publisher/79191 LEADER 01407nam a2200349 u 4500 001 000000070288 003 CaOOAMICUS 005 20070226122014.0 008 020502s1977 it u000 u ita u 035 $a10928531 040 $aPUL(R)$bita 245 03$aIl Cristianesimo moderno e contemporaneo /$cRichard Stauffer [et al...]. 260 $aBari :$bLaterza,$c1977. 300 $axxxi, 313 p. ;$c18 cm 490 1 $aStoria delle religioni ;$v11 490 1 $aUniversale Laterza ;$v11 500 $aContributi di vari autori. 500 $aContiene indici. 504 $aBibliografia in appendice. 650 4$aStoria delle religioni.$0(OLS)http://pul/subject/9425 650 4$aRiforma.$0(OLS)http://pul/subject/330 700 1 $aStauffer, Richard.$0(OLS)http://pul/name/46768 830 0$aUniversale Laterza ;$v11.$0(OLS)http://pul/title/569 830 0$aStoria delle religioni (Laterza) ;$v11.$0(OLS)http://pul/title/64845 850 $aPUL 852 $aPUL$W1$xDP1 Cons. Gen., Altre Classi 1$y22$m781 A 11(417)$j90949$nBK-PRI$b $qStampati$B90949$CPULBib$Z2$F90949 $H52165 $81 941 1 $a8 960 $aProtestantesimo$9330 960 $aProtestantesimo$9330 960 $aRiforma protestante$9330 996 $6245$aIl Cristianesimo moderno e contemporaneo$9(OLS)http://pul/title/92685 996 $6260$aBari :$bLaterza$9(OLS)http://pul/publisher/47895 LEADER 01751nam a2200337 a 4500 001 000000152091 003 CaOOAMICUS 005 20160603130922.0 008 160603s2009 ne u000 u eng r 020 $z9789004173804* 032 $aLibriCat 040 $aPUL$bita 082 04$a113 111 2 $aEuropean Science Foundation Exploratory Workshop$d(2006 :$cIl Ciocco, Castelvecchio Pascoli).$0(OLS)http://pul/name/96785 245 10$aPhysics and philosophy of nature in Greek Neoplatonism :$bproceedings of the European Science Foundation Exploratory Workshop (Il Ciocco, Castelvecchio Pascoli, June 22-24, 2006) /$cedited by Riccardo Chiaradonna and Franco Trabattoni. 260 $aLeiden ;$aBoston :$bBrill,$c2009. 300 $avi, 317 p. ;$c25 cm. 490 1 $aPhilosophia antiqua ;$v115 504 $aContiene indicazioni bibliografiche. 650 4$aFilosofia della natura.$0(OLS)http://pul/subject/8566 700 1 $aTrabattoni, Franco.$0(OLS)http://pul/name/69856 700 1 $aChiaradonna, Riccardo.$0(OLS)http://pul/name/82511 830 0$aPhilosophia antiqua ;$v115.$0(OLS)http://pul/title/2231 850 $aPUL 852 $aPUL$W1$xSL Filosofia 3$y81$m113 CHIRI 1$j174836$qDDC 21$B177391$CPULBib$Z2$F177391 $H127820 $81 941 1 $a9 996 $6020$z9789004173804*$9(OLS)http://pul/number/160470 996 $6082$a113$9(OLS)http://pul/classification/1702 996 $6245$aPhysics and philosophy of nature in Greek Neoplatonism :$bproceedings of the European Science Foundation Exploratory Workshop (Il Ciocco, Castelvecchio Pascoli, June 22-24, 2006)$9(OLS)http://pul/title/191450 996 $6260$aLeiden ;$aBoston :$bBrill$9(OLS)http://pul/publisher/68781